000 00555nam a2200229Ia 4500
003 OSt
005 20221005124432.0
006 a|||||r|||| 00| 0
007 ta
008 221004b |||||||| |||| 00| 0 kan d
024 _a62087
037 _cTextual
040 _aCRL
_cCRL
_bkan
041 _2kan
_akan
082 _aQ41:221, 33G7
100 _aRajaratnam
_9224816
245 0 _aMuru pali sutragalu
260 _c1937
650 _aRELIGION
942 _hQ41:221, 33G7
_cTEXL
_2cc
999 _c1050475
_d1050475